Paroles : Chacun fait (c'qui lui plaît) - Chagrin d'amour - Statistiques

Statistiques générales
  • Ce quiz a été pris 86 fois
    85 depuis la dernière actualisation
  • Le résultat moyen est 480 sur 618
Statistiques - réponses
Réponse % Correct
Cinq
100%
cinq
100%
Heure?"
100%
heures
100%
à
98%
a
98%
de
98%
des
98%
du
98%
frissons
98%
j'ai
98%
J'ai
98%
Je
98%
je
98%
la
98%
là,
98%
La
98%
le
98%
Le
98%
ma
98%
mat'
98%
mat',
98%
mon
98%
Mon
98%
monte
98%
se
98%
son
98%
Son
98%
ce
96%
C'est
96%
c'est
96%
"c'est
96%
dans
96%
Dans
96%
(Dans
96%
et
96%
Et
96%
fait
96%
fait?
96%
fait,
96%
fait)
96%
Me
96%
te
96%
tout
96%
Tout
96%
Toute
96%
toute
96%
toutes
96%
(Toutes
96%
un
96%
ça
94%
"ça
94%
(Chacun
94%
dents
94%
mes
94%
Mes
94%
Seul
94%
seul,
94%
seul
94%
sont
94%
cendrier
92%
cigarettes
92%
claque
92%
(C'qui
92%
c’qui
92%
en
92%
J'suis
92%
les
92%
Les
92%
lui
92%
plaît,
92%
plaît)
92%
verre
92%
bleu
91%
draps
91%
fumées
91%
que
91%
Que
91%
qui
91%
sommeil
91%
sur
91%
Sur
91%
vides
91%
y
91%
bleus
89%
cassé
89%
l'insomnie,
89%
lit
89%
sa
89%
tête,
89%
dernier
87%
froissés
87%
plein
87%
main
85%
bar
83%
Clac
83%
d'bouteilles
83%
désespère
83%
Elle
83%
lino
83%
m'coupe
83%
morceaux
83%
ramassant
83%
ses
83%
Ses
83%
seule
83%
Seule
83%
seule,
83%
Six
83%
tombant
83%
au
81%
Pendant
81%
dis
79%
d'Kleenex
79%
noir
79%
"Quelle
79%
Une
79%
dansent
77%
dit
77%
gris
77%
murs
77%
perds
77%
près
77%
Sept
77%
vous
77%
boire
75%
d'quoi
75%
on
75%
qu'Boulogne
75%
radio
75%
il
74%
J'lui
74%
matin
74%
m'remplir
74%
rien
74%
blonde
72%
chose
72%
pas
72%
pas.
72%
peau
72%
petit
72%
pousse
72%
sais
72%
stérilise,
72%
avez
70%
commence
70%
corps
70%
faut
70%
Huit
70%
moutons,
70%
ou
70%
platine
70%
presse
70%
Quatre,
70%
quatre,
70%
rose
70%
bouge
68%
café
68%
moche
68%
"50?"
66%
forte
66%
L'alcool
66%
Liqueur
66%
parquet
66%
poches,
66%
police,
66%
qu’est-ce
66%
Qu'est-ce
66%
qu'est-ce
66%
serre
66%
sous
66%
Sous
66%
(Sous
66%
toujours
66%
bronzée
64%
coin
64%
fesses,
64%
grise
64%
patrouille
64%
s'en
64%
t'as
64%
T'as
64%
autre
62%
bars
62%
bas
62%
doigts
62%
fouille
62%
m'tente"
62%
porte
62%
Porte
62%
rouge,
62%
toi)
62%
toi,
62%
Trois,
62%
tu
62%
c’moment
60%
cœur
60%
Crie
60%
étoiles
60%
pose,
60%
prend
60%
qu'j'trouve
60%
feu
58%
Font
58%
glisser
58%
ont
58%
viens
58%
yeux
58%
craque
57%
d'taxi
57%
J’crois
57%
l'heure!"
57%
l'hôtel
57%
Qu’j’ai
57%
tes
57%
Y’avait
57%
Alors
55%
brillent)
55%
Car
55%
"champagne?"
55%
claquent
55%
filent
55%
j'abrège
55%
paie,
55%
pense
55%
pied,
55%
pour
55%
voiture
55%
volets
55%
waters
55%
(Yeah,
55%
yeah,
55%
yeah)
55%
bout
53%
croisé
53%
fout)
53%
glacé
53%
glacés
53%
j'me
53%
l'accompagne
53%
même
53%
Non,
53%
passé?
53%
Personne
53%
qu'elles
53%
regard
53%
d'une
51%
patibulaires
51%
sourire
51%
Tant
51%
chérie
49%
d'pression
49%
francs
49%
J'brûle
49%
l'édredon
49%
l'enfer)
49%
m'dire,
49%
nylon
49%
pieds,
49%
terre
49%
air
47%
est
47%
m'asseoir
47%
rentré
47%
s’est
47%
comment?
45%
dormir
45%
lisse
45%
miroirs
45%
Seuls
45%
souvenez
45%
carton
43%
disent
43%
êtes
43%
pis
43%
poste
43%
renvoient
43%
r’mis
43%
ronrons
43%
vraiment
43%
gens
42%
décalcomanies
40%
J'leur
40%
ongles
40%
peu
40%
Ah!
38%
anges
38%
ennuis)
38%
j'peux
38%
m'accrochent,
38%
(Madame
38%
manies
38%
petits
38%
Petits
38%
sauve
38%
d'ces
36%
Dieu,
36%
d'la
36%
jouir
36%
(Monsieur
36%
pipi
36%
sirote
36%
Tapent
36%
chats
34%
comptines
34%
fine
34%
l’même
34%
logis
34%
m'sens
34%
papa
34%
peur
34%
s'fait
34%
tracas)
34%
belle
32%
bigoudis
32%
lotis)
32%
plus
32%
pressés
32%
(Bébé
30%
bouillie)
30%
(Eh,
30%
mals
30%
m'fait
30%
studio,
30%
L'précipice
28%
(L'précipice
28%
dîne
26%
leurs
26%
plis
26%
vidéo
26%
Chapelle,
25%
Bateaux
23%
s'tapent
23%
vomit
23%
j'aspirateur
21%
nom
21%
d'cageots
19%
éminences,
9%
Aucun quiz correspondant
Distribution des résultats
% des personnes avec chaque résultat
Percentile par nombre de réponses
Votre historique - résultats
Vous n’avez pas pris ce quiz depuis la dernière actualisation